00401cam a2200169ua 45000010005000000080039000050200018000440400009000620410008000710820008000791000034000872450041001212500009001622600033001713000010002046530017002147021141119n ii |||gr||||Z||||||asm a9788120288157 cMAIN aasm a323 aHatibaruah, Diganta,eAuthor.1 aManob adhikarcBy Diganta Hatibaruah a1st. aGolaghat:bSaraswati,c2009. a357p. aHuman rights